Normal view
MARC view
- حسن،سيد عبدالفتاح صالح
Entry Personal Name
001 - CONTROL NUMBER
- control field: 33906
003 - CONTROL NUMBER IDENTIFIER
- control field: JO-AjAnu
005 - DATE AND TIME OF LATEST TRANSACTION
- control field: 20230606075702.0
008 - FIXED-LENGTH DATA ELEMENTS
- fixed length control field: 230606|| aca||aabn | a|a d
040 ## - CATALOGING SOURCE
- Original cataloging agency: JO-AjAnu
- Transcribing agency: JO-AjAnu
100 ## - HEADING--PERSONAL NAME
- Personal name: حسن،سيد عبدالفتاح صالح
670 ## - SOURCE DATA FOUND
- Source citation: Work cat.: (JO-AjAnu)17415: حسن،سيد عبدالفتاح صالح, author, منهج محاسبي مقترح لادارة المخاطر المصرفية في ضوء حوكمة تكنولوجيا المعلومات مع دراسة ميدانية